000 00858nam a2200277 4500
003 EG-GICUC
005 20260402115755.0
008 260402s1936 fr ||||fr|||| 00| 0 fre d
040 _aEG-GiCUC
_bfre
_cEG-GiCUC
_dEG-GiCUC
_eRda
041 0 _afre
082 0 4 _221
_a341.64
_bCH . C
092 0 4 _221
099 _aLaw1 11 341.64 CH . C 1936
100 1 _aChaumont, Charles Marie
_eAuteur
245 1 3 _aLa conception américaine de la neutralité /
_cCharles Marie Chaumont.
264 1 _aParis :
_bRousseau,
_c1936.
300 _a277 page ;
_c 24 cm.
336 _2rda contenu
_a texte
337 _2rda medias
_aOrdinateur
338 _2 transporteur rda
_a Ressource en ligne
546 _aTexte en français
650 1 4 _aNeutralité
856 4 0 _uhttps://fll.law.cu.edu.eg/fulltext/bks/B11-08418.pdf
905 _a30
942 _2ddc
_cBK
_e21
_n0
999 _c68414
_d68414